Most Violent Cities in the World - Statistics

General Stats
  • This quiz has been taken 54 times
  • The average score is 17 of 50
Answer Stats
Homicides per 100k City Country % Correct
66.36 Cape Town South Africa
84%
99.98 Caracas Venezuela
80%
42.2 San Juan USA / Puerto Rico
80%
50.32 San Salvador El Salvador
80%
54.12 Kingston Jamaica
78%
38.78 Detroit United States
76%
138 Tijuana Mexico
76%
43.73 Guatemala City Guatemala
71%
47.03 Cali Colombia
63%
60.59 Saint Louis United States
61%
85.56 Ciudad Juarez Mexico
59%
43.3 Tegucigalpa Honduras
59%
69.15 Fortaleza Brazil
57%
44 Manaus Brazil
57%
43.72 Recife Brazil
57%
50.52 Baltimore United States
55%
38.51 Durban South Africa
55%
36.87 New Orleans United States
55%
47.23 Salvador Brazil
53%
65.31 Belem Brazil
49%
64.47 Cancun Mexico
49%
74.67 Natal Brazil
41%
46.67 San Pedro Sula Honduras
39%
37.5 Chihuahua Mexico
31%
42.36 Valencia Venezuela
31%
51.46 Maceio Brazil
18%
56.67 Barquisimeto Venezuela
14%
37.61 Teresina Brazil
14%
60.52 Culiacan Mexico
12%
41.36 Joao Pessoa Brazil
12%
41.48 Reynosa Mexico
12%
60.09 Ciudad Bolivar Venezuela
10%
86.01 Ciudad Victoria Mexico
10%
52.09 Ciudad Obregon Mexico
8%
46.6 Ensenada Mexico
8%
63.29 Feira De Santana Brazil
8%
44.89 Tepic Mexico
8%
48.77 Aracaju Brazil
6%
46.99 Celaya Mexico
6%
78.3 Ciudad Guayana Venezuela
6%
47.2 Macapa Brazil
6%
47.97 Palmira Colombia
6%
54.52 Uruapan Mexico
6%
48.35 Coatzacoalcos Mexico
4%
81.44 Irapuato Mexico
4%
39.16 Nelson Mandela Bay South Africa
4%
50.75 Vitoria da Conquista Brazil
4%
110.5 Acapulco de Juarez Mexico
2%
46.28 Campos dos Goytacazes Brazil
2%
47.24 Maturin Venezuela
2%
No matching quizzes found
Score Distribution
Percent of People with Each Score
Percentile by Number Answered
Your Score History
You have not taken this quiz